| Tag |
First Indicator |
Second Indicator |
Subfields |
| LEADER |
00000cam a22000008i 4500 |
| 001 |
in00000063020 |
| 005 |
20151008051132.0 |
| 008 |
781024s1979 enka 00110 eng |
| 010 |
|
|
|a 78040839
|
| 015 |
|
|
|a GB79
|
| 020 |
|
|
|a 0080237576 :
|c 6.00 ($12.00).
|
| 020 |
|
|
|a 0080237568 :
|c 2.75 ($5.50)
|
| 035 |
|
|
|a (OCoLC)04494430
|
| 035 |
|
|
|9 AAG5960AM
|
| 040 |
|
|
|a DLC
|c DLC
|d TXA
|d UtOrBLW
|
| 049 |
|
|
|a TXAM
|c [1497403]
|
| 050 |
0 |
0 |
|a SF95
|b .N44 1979
|
| 082 |
0 |
|
|a 636.08/5
|
| 100 |
1 |
|
|a Nelson, Bob,
|d 1942-
|
| 245 |
1 |
3 |
|a An introduction to feeding farm livestock /
|c by Robert H. Nelson.
|
| 250 |
|
|
|a 2d ed.
|
| 264 |
|
1 |
|a Oxford ;
|a New York :
|b Pergamon Press,
|c 1979.
|
| 300 |
|
|
|a ix, 156 pages :
|b illustrations ;
|c 22 cm.
|
| 336 |
|
|
|a text
|b txt
|2 rdacontent
|
| 337 |
|
|
|a unmediated
|b n
|2 rdamedia
|
| 338 |
|
|
|a volume
|b nc
|2 rdacarrier
|
| 490 |
1 |
|
|a Pergamon international library of science, technology, engineering, and social studies
|
| 650 |
|
0 |
|a Animal nutrition.
|
| 650 |
|
0 |
|a Feeds.
|
| 830 |
|
0 |
|a Pergamon international library of science, technology, engineering, and social studies.
|
| 999 |
|
|
|a MARS
|
| 999 |
f |
f |
|s 075f6a4f-d42e-311a-8ef4-8bf8cd33ba05
|i 3f08f409-565d-3549-a29a-8e755fe3e0fe
|t 0
|
| 952 |
f |
f |
|p ric
|a Texas A&M University
|b Rellis Campus
|c Joint Library Facility
|d Remote Storage
|t 0
|e SF95 .N44 1979
|h Library of Congress classification
|i unmediated -- volume
|m A14805231417
|
| 998 |
f |
f |
|a SF95 .N44 1979
|t 0
|l Remote Storage
|